00378nam a2200109Ia 4500008004100000050002500041100002300066245006100089260008600150300002000236521001200256140724s9999 xx 000 0 und d aHF 5686b.At872 2013 aAtienza, Patricia. aJjangjuk korean porridge restaurant /cPatricia Atienza. aLas Piñas, Philippines :bSouthville International School and Colleges,cc2013. a49 p. :c28 cm. aTourism